00945 2200313 4500001002100000005001500021035002000036007000300056008004100059020002200100040001700122082001500139084001500154090001800169245012000187250003400307260003400341300006400375650001700439700002700456700002100483700002000504850001200524041000800536504003300544990001800577990001800595990001800613INLIS00000000081711420181018080356 a0010-0918000552ta180926s2017 jkia g ind d a978-602-444-089-3 aYOPDYOGbind04223a577.77 a577.77 EKO aPK 577.77 EKO1 aEkosistem pesisir dan laut Indonesia /cAhmad Muhtadi Rangkuti...[et.al]; editor, Sri Budi Hastuti, Restu Damayanti aCetakan pertama, Oktober 2017 aJakarta :bBumi Aksara,c2017 axxiii, 482 halaman :bilustrasi, tabel, peta, foto ;c23 cm 4aEkologi laut0 aAhmad Muhtadi Rangkuti0 aSri Budi Hastuti0 aRestu Damayanti aYOPDYOG0 aind aBibliografi: halaman 447-476 a32974-PD/B.18 a32975-PD/B.18 a32976-PD/B.18